Ecology of tropical and subtropical vegetation (Record no. 23719)

MARC details
000 -LEADER
fixed length control field 00406nam a2200145Ia 4500
082 ## - DEWEY DECIMAL CLASSIFICATION NUMBER
Classification number 581.524.443
Item number WAL
100 ## - MAIN ENTRY--AUTHOR NAME
Personal name WALTER, Heinrich
245 #0 - TITLE STATEMENT
Title Ecology of tropical and subtropical vegetation
260 ## - PUBLICATION, DISTRIBUTION, ETC. (IMPRINT)
Place of publication Edinburgh
Name of publisher Oliver and Boyd
Year of publication 1971
650 ## - SUBJECT ADDED ENTRY--TOPICAL TERM
Topical Term Ecology
650 ## - SUBJECT ADDED ENTRY--TOPICAL TERM
Topical Term Subtropical arid region
650 ## - SUBJECT ADDED ENTRY--TOPICAL TERM
Topical Term Tropical rain forest
942 ## - ADDED ENTRY ELEMENTS (KOHA)
Koha item type Books
Holdings
Withdrawn status Lost status Damaged status Not for loan Home library Current library Date acquired Full call number Accession Number Koha item type
        RRII Library RRII Library 16/12/2021 581.524.443 WAL 04417 Books